000 00518nam a2200205Ia 4500
008 180523s9999 xx 000 0 und d
020 _a81-7648-617-5
050 _aMAIN HF 5686.C8
050 _b.R43 2004
100 _aReddy, R. Jayaprakash.
245 0 _aAdvanced cost accounting /
245 0 _cR. Jayaprakash Reddy.
260 _aNew Delhi :
260 _bA.P.H Publishing,
260 _c2004
300 _a200 pages :
300 _c22 cm.
500 _aIncludes index.
650 _aCost accounting.
999 _c357210
_d357210